000 00722nam a2200277Ia 4500
005 20260320195740.0
008 008 262003s9999 xx 000 0 hin d
020 _a9789390971848
037 _aEBOOK
040 _aCRL
040 _bhin
040 _cCRL
041 _2hin
041 _ahin
084 _qCRL
100 _aअल्बर्ट कैमस, अनु. शिवदान सिंह चौहान, विजय चौहान
_91132996
245 0 _aप्लेग
250 _a2nd
260 _bRajkamal
260 _c2021
300 _a328
856 _uhttps://ebook.indiaread.in/pdfs/9789390971848.pdf
942 _cEBOOK
999 _c1716289
_d1716289